000 00505nam a22001817a 4500
003 CEME
005 20210628203005.0
008 210215b xxu||||| |||| 00| 0 eng d
020 _a0-7506-5081-8
040 _c.
082 _a621.2 MOR
100 _aMorris, Alan S
_958932
245 _aMeasurement and instrumentation principles
260 _aNEW DELHI
_bBUTTERWORTH HEINEMANN
_c2001
300 _aXIX,475P
650 _aINSTRUMENTATION PRINCIPLES. MEASUREMENT PRINCIPLES
_962743
942 _cBK
_2ddc
999 _c571756
_d571756